000 00449nam a2200145Ia 4500
008 230917s9999||||xx |||||||||||||| ||und||
040 _e7052
_aMAIN
041 _aEnglish
082 _a320.50954 S23M
100 _aSuda, Jyoti Prasad
245 0 _aMain currents of social & Political thought in modern India, V3-Socialist, democratic, and communal traditions
260 _aMeerut
_bJai Prakash Nath
_c1966
300 _aviii, 674 p.
942 _cBK
999 _c189884
_d189884